[Event "46th OKU-C 2019"]
[Site "Utrecht"]
[Date "2019.06.02"]
[Round "6.3"]
[White "Beaumont, Chris R"]
[Black "Li-Behn, Tobias"]
[Result "1/2-1/2"]
[WhiteElo "2264"]
[BlackElo "1237"]
[Annotator "ChessBase"]
[PlyCount "50"]
[EventDate "2019.05.31"]
[EventType "swiss"]
[EventCountry "NED"]
[SourceTitle "playchess.com"]
[Source "ChessBase"]
[SourceQuality "1"]
[TimeControl "6600+10"]

1. Nf3 {[%emt 0:00:00]} Nf6 {[%emt 0:00:00]} 2. g3 {[%emt 0:00:02]} g6 {[%emt 0:00:01]} 3. Bg2 {[%emt 0:00:10]} Bg7 {[%emt 0:00:06]} 4. O-O {[%emt 0:00:06]} O-O {[%emt 0:00:07]} 5. d4 {[%emt 0:00:04]} d5 {[%emt 0:00:01]} 6. c3 {[%emt 0:00:09]} c6 {[%emt 0:01:50]} 7. Nbd2 {[%emt 0:01:11]} Nbd7 {[%emt 0:00:28]} 8. b3 {[%emt 0:00:45]} b6 {[%emt 0:01:29]} 9. Bb2 {[%emt 0:01:27]} a5 {[%emt 0:00:19]} 10. a4 {[%emt 0:00:42]} Ba6 {[%emt 0:00:37]} 11. Re1 {[%emt 0:00:53]} Re8 {[%emt 0:00:05]} 12. e4 {[%emt 0:00:36]} dxe4 {[%emt 0:01:26]} 13. Nxe4 {[%emt 0:00:13]} Qc7 {[%emt 0:01:23]} 14. Rc1 {[%emt 0:02:29]} e5 {[%emt 0:01:53]} 15. Nxf6+ {[%emt 0:01:58]} Bxf6 {[%emt 0:00:05]} 16. dxe5 {[%emt 0:01:00]} Nxe5 {[%emt 0:01:38]} 17. Nxe5 {[%emt 0:00:37]} Bxe5 {[%emt 0:01:08]} 18. Qf3 {[%emt 0:00:09]} Bb7 {[%emt 0:01:21]} 19. Re3 {[%emt 0:01:11]} Bg7 {[%emt 0:00:19]} 20. h4 {[%emt 0:00:45]} Red8 {[%emt 0:01:30]} 21. Rc2 {[%emt 0:01:20]} Bh6 {[%emt 0:01:18]} 22. Re1 {[%emt 0:00:50]} Rab8 {[%emt 0:01:45]} 23. Qe2 {[%emt 0:00:47]} Qd7 {[%emt 0:02:40]} 24. Bc1 {[%emt 0:01:03]} Bxc1 {[%emt 0:05:08]} 25. Rexc1 {[%emt 0:00:18]} Re8 {[%emt 0:00:32]} 1/2-1/2